00364nam a2200145Ia 4500003000400000008004100004040001600045082001600061100001600077245004500093260002800138300001100166650002200177650001900199GCL140319s9999 xx 000 0 eng d aGCL / cGCL04a004.67bE U1 aEAGER, BILL10aUSING THE WORLD WIDE WEB / cEAGER, BILL a[S.N] : bQUE ، c1996 a1104 P04aشعر الحرب04aWORLD WIDE WEB